ARRUPE JESUIT UNIVERSITY

CORONAVIRUS -STOP THE SPREAD - CLEAN,DISINFECT,COVER

The Anglo-Boer war 1899-1902 (Record no. 119305)

MARC details
000 -LEADER
fixed length control field 00416nam a22001457a 4500
008 - FIXED-LENGTH DATA ELEMENTS--GENERAL INFORMATION
fixed length control field 131217b xxu||||| |||| 00| 0 eng d
020 ## - INTERNATIONAL STANDARD BOOK NUMBER
International Standard Book Number 0909238987
050 ## - LIBRARY OF CONGRESS CALL NUMBER
Classification number SPC DT930.P74 1985
100 ## - MAIN ENTRY--PERSONAL NAME
Personal name Pretorius, Fransjohan
9 (RLIN) 5830
245 ## - TITLE STATEMENT
Title The Anglo-Boer war 1899-1902
260 ## - PUBLICATION, DISTRIBUTION, ETC. (IMPRINT)
Place of publication, distribution, etc Cape Town
Name of publisher, distributor, etc Don Nelson
Date of publication, distribution, etc 1985
300 ## - PHYSICAL DESCRIPTION
Extent 96p.
Dimensions 28cm
650 ## - SUBJECT ADDED ENTRY--TOPICAL TERM
Topical term or geographic name as entry element South African War 1899-1902
9 (RLIN) 5831
942 ## - ADDED ENTRY ELEMENTS (KOHA)
Source of classification or shelving scheme Library of Congress Classification
Item type REFERENCE
Koha issues (borrowed), all copies 1
Holdings
Withdrawn status Lost status Source of classification or shelving scheme Damaged status Not for loan Home library Current library Date acquired Total Checkouts Full call number Barcode Date last seen Date last borrowed Price effective from Koha item type
    Library of Congress Classification     ARRUPE LIBRARY ARRUPE LIBRARY 17/12/2013 1 SPC DT930.P74 1985 464122622 10/02/2014 30/01/2014 17/12/2013 Monograph ( Printed materials)

 

Arrupe Library. PO Box MP320 Mt Pleasant, Harare, Zimbabwe
263 242 745411|librarian@aju.ac.zw